<?xml version="1.0" encoding="UTF-8"?><?xml-stylesheet type="text/xsl" href="static/style.xsl"?><OAI-PMH xmlns="http://www.openarchives.org/OAI/2.0/" xmlns:xsi="http://www.w3.org/2001/XMLSchema-instance" xsi:schemaLocation="http://www.openarchives.org/OAI/2.0/ http://www.openarchives.org/OAI/2.0/OAI-PMH.xsd"><responseDate>2026-04-29T10:18:09Z</responseDate><request verb="GetRecord" identifier="oai:riubu.ubu.es:10259/5025" metadataPrefix="marc">https://riubu.ubu.es/oai/request</request><GetRecord><record><header><identifier>oai:riubu.ubu.es:10259/5025</identifier><datestamp>2022-05-20T13:22:29Z</datestamp><setSpec>com_10259_4313</setSpec><setSpec>com_10259_5086</setSpec><setSpec>com_10259_2604</setSpec><setSpec>com_10259_4244</setSpec><setSpec>col_10259_4314</setSpec><setSpec>col_10259_4245</setSpec></header><metadata><record xmlns="http://www.loc.gov/MARC21/slim" xmlns:doc="http://www.lyncode.com/xoai" xmlns:xsi="http://www.w3.org/2001/XMLSchema-instance" xmlns:dcterms="http://purl.org/dc/terms/" xsi:schemaLocation="http://www.loc.gov/MARC21/slim http://www.loc.gov/standards/marcxml/schema/MARC21slim.xsd">
<leader>00925njm 22002777a 4500</leader>
<datafield tag="042" ind1=" " ind2=" ">
<subfield code="a">dc</subfield>
</datafield>
<datafield tag="720" ind1=" " ind2=" ">
<subfield code="a">Pascual Portal, Blanca Sol</subfield>
<subfield code="e">author</subfield>
</datafield>
<datafield tag="720" ind1=" " ind2=" ">
<subfield code="a">Trigo López, Miriam</subfield>
<subfield code="e">author</subfield>
</datafield>
<datafield tag="720" ind1=" " ind2=" ">
<subfield code="a">Ramos Rodríguez, Cipriano</subfield>
<subfield code="e">author</subfield>
</datafield>
<datafield tag="720" ind1=" " ind2=" ">
<subfield code="a">Sanz Díez, Mª Teresa</subfield>
<subfield code="e">author</subfield>
</datafield>
<datafield tag="720" ind1=" " ind2=" ">
<subfield code="a">Pablos, Jesús Luis</subfield>
<subfield code="e">author</subfield>
</datafield>
<datafield tag="720" ind1=" " ind2=" ">
<subfield code="a">García García, Félix Clemente</subfield>
<subfield code="e">author</subfield>
</datafield>
<datafield tag="720" ind1=" " ind2=" ">
<subfield code="a">Reglero Ruiz, José A.</subfield>
<subfield code="e">author</subfield>
</datafield>
<datafield tag="720" ind1=" " ind2=" ">
<subfield code="a">García Pérez, José Miguel</subfield>
<subfield code="e">author</subfield>
</datafield>
<datafield tag="260" ind1=" " ind2=" ">
<subfield code="c">2019-01</subfield>
</datafield>
<datafield tag="520" ind1=" " ind2=" ">
<subfield code="a">We have deeply diminished the density of high performance aromatic polyamides or aramids. Thus, we have prepared microcellular films that at the same time maintain the outstanding thermal and mechanical properties characteristic of these high performance materials. Two different cellular aramids were produced, based on commercial poly(m-phenylene isophthalamide), one of them with an additional azide group. Microcellular structures have been obtained by adding ionic liquids combined to ScCO2 foaming process, with cell sizes between 0.6 and 4.7 µm and cell densities between 109 and 1011 cells cm3. The density was lowered for the commercial poly(m-phenylene isophthalamide) (Nomex® and Teijin Conex®) from 1.43 to 0.62 g cm−3 and from 1.48 to 0.31 g cm3 for the aramid containing the azide group. Foams present the following thermal and mechanical properties: 5% weight loss observed at T > 400 °C and relative Young modulus and tensile strength of 1.2 GPa (g cm−3)−1 and 60 MPa (g cm−3)−1, respectively.</subfield>
</datafield>
<datafield tag="024" ind2=" " ind1="8">
<subfield code="a">0014-3057</subfield>
</datafield>
<datafield tag="024" ind2=" " ind1="8">
<subfield code="a">http://hdl.handle.net/10259/5025</subfield>
</datafield>
<datafield tag="024" ind2=" " ind1="8">
<subfield code="a">10.1016/j.eurpolymj.2018.11.007</subfield>
</datafield>
<datafield ind1=" " ind2=" " tag="653">
<subfield code="a">Aramids</subfield>
</datafield>
<datafield ind1=" " ind2=" " tag="653">
<subfield code="a">Microcellular</subfield>
</datafield>
<datafield ind1=" " ind2=" " tag="653">
<subfield code="a">Ionic liquids</subfield>
</datafield>
<datafield ind1=" " ind2=" " tag="653">
<subfield code="a">ScCO2 foaming</subfield>
</datafield>
<datafield ind1=" " ind2=" " tag="653">
<subfield code="a">Polyamide</subfield>
</datafield>
<datafield tag="245" ind1="0" ind2="0">
<subfield code="a">Microcellular foamed aromatic polyamides (aramids). Structure, thermal and mechanical properties</subfield>
</datafield>
</record></metadata></record></GetRecord></OAI-PMH>